• 首页
  • 本馆介绍
  • 公告通知
  • 最新文献
  • 馆藏检索
  • 电子资源
  • 读者导购
  • 参考咨询
  • 我的图书馆
  • 登录
  • 详细信息显示
  • 放入我的书架
  • 预约/预借图书
  • 作者相关作品
  • 分类相关作品
  • 丛书相关作品
  • 出版社相关作品

书目信息

  • 表格格式
  • 工作单格式
  • 卡片格式
题名:
卡耐基有效沟通经典全集
    
 
作者: 卡耐基 著 ;张艳玲 编译
分册:  
出版信息: 北京   民主与建设出版社有限责任公司  2018
页数: 262页
开本: 24cm
丛书名:
单 册:
中图分类: C912.11-49
科图分类:
主题词: 心理交往--通俗读物
电子资源:
ISBN: 978-7-5139-1797-1
000 01186nam0 2200265 450
001 3471
005 20180527160848.44
010    @a978-7-5139-1797-1@dCNY39.80
100    @a20180315d2018 em y0chiy50 ea
101 1  @achi@ceng
102    @aCN@b110000
105    @aa z 000yy
200 1  @a卡耐基有效沟通经典全集@9ka nai ji you xiao gou tong jing dian quan ji@f(美)戴尔·卡耐基著@g张艳玲编译
210    @a北京@c民主与建设出版社有限责任公司@d2018
215    @a262页@c图@d24cm
300    @a铭鉴经典
314    @a戴尔·卡耐基 (Dale Carnegie) (1888-1955),男,美国著名人际关系学大师,美国现代成人教育之父,西方现代人际关系教育的奠基人,被誉为是20世纪最伟大的心灵导师和成功学大师。代表作有《人性的弱点》等。
330    @a本书将关注 有效沟通,教您如何建立自信来提高自己的表达能力,如何通过有效的演讲增强自己的信心和扩大自己的影响力。它将是您步入快乐的生活,迈向成功的职业生涯的垫脚石。
333    @a心理学爱好者、青年读者及相关读者。
606 0  @a心理交往@j通俗读物
690    @aC912.11-49@v5
701  0 @c(美)@a卡耐基@9ka nai ji@c(Carnegie, Dale@f1888-1955)@4著
702  0 @a张艳玲@9zhang yan ling@4编译
801  0 @aCN@b91MARC@c20180315
905    @aMuseLib@dC912.11-49@e1327
    
    卡耐基有效沟通经典全集/(美)戴尔·卡耐基著/张艳玲编译.-北京:民主与建设出版社有限责任公司,2018
    262页:图;24cm
    铭鉴经典.-使用对象:心理学爱好者、青年读者及相关读者。
    
    ISBN 978-7-5139-1797-1:CNY39.80
    本书将关注 有效沟通,教您如何建立自信来提高自己的表达能力,如何通过有效的演讲增强自己的信心和扩大自己的影响力。它将是您步入快乐的生活,迈向成功的职业生涯的垫脚石。
●
相关链接 在E读中查询图书 在五车中查询图书 在当当中查询图书 在豆瓣中查询图书


正题名:卡耐基有效沟通经典全集     索取号:C912.11-49/1327         预约/预借

序号 登录号 条形码 馆藏地/架位号 状态 备注
1 1109328   211093289   第一样本阅览室/ [索取号:C912.11-49/1327] 在馆    
2 1109329   211093298   教育系资料室/ [索取号:C912.11-49/1327] 在馆    
3 1109330   211093305   教育系资料室/ [索取号:C912.11-49/1327] 在馆    
4 1109331   211093314   第一借阅区/ [索取号:C912.11-49/1327] 在馆    
唐山师范学院图书馆 欢迎您!
大连网信软件有限公司© 版权所有